|
|
|
|
| LEADER |
00000nam a22000007a 4500 |
| 005 |
20210226212751.0 |
| 007 |
cr|||| |||| |
| 008 |
210226s2019 us |||||s|||| 00||0 eng d |
| 020 |
|
|
|a 978-1-64105-546-8
|
| 035 |
|
|
|a 32416
|
| 040 |
|
|
|a vLex
|
| 090 |
|
|
|c 11297
|d 11297
|
| 100 |
1 |
|
|a Deming, Stuart H.
|
| 245 |
1 |
3 |
|a The FCPA and the U.K. Bribery Act
|h [Recurso electrn̤ico] :
|b A Ready Reference for Business and Lawyers, Revised Edition /
|c Stuart H. Deming, Truman K. Butler, Vivian Robinson
|
| 256 |
|
|
|a Servicio en ln̕ea
|
| 260 |
|
|
|a Chicago:
|b American Bar Association,
|c 2019
|
| 300 |
|
|
|a 1 recurso electrn̤ico
|
| 506 |
1 |
|
|a Disponible solo en los productos indicados
|d vLex Global
|d vLex Global (Academic Edition, excluding Law Schools)
|d vLex Global (Academic Edition, Law Schools)
|
| 650 |
0 |
4 |
|a Derecho Internacional
|z Estados Unidos
|
| 700 |
1 |
|
|a Butler, Truman K.
|
| 700 |
1 |
|
|a Robinson, Vivian
|
| 740 |
0 |
|
|a vLex Libros (Servicio en ln̕ea)
|
| 856 |
|
|
|u http://vlex.com/source/fcpa-u-k-bribery-act-ready-reference-business-lawyers-revised-edition-32416
|z Acceso restringido
|
| 942 |
|
|
|c BOOK
|
| 999 |
0 |
|
|a International right
|